000 00286nam a22001097a 4500
008 170110b xxu||||| |||| 00| 0 eng d
020 _a9780803612679
041 _aeng
080 _23RD
_a618.2
245 _aESSENTIALS OF PSYCHIATRIC MENTAL HEALTH NURSING
_cTOWNSEND, M.C
942 _2udc
_cBK
999 _c2679
_d2679